000
00322nam a2200133Ia 4500
008
260604s9999 xx 000 0 und d
020
_a
9780857029874
082
_a
302 KIS
100
_a
THUSSU
_9
35107
245
0
_a
INTERNATIONAL COMMUNICATION -2
260
_b
SAGE
500
_a
Communication, International
942
_c
BK
999
_c
7865
_d
7865